Normal view
MARC view
- Mons, Barbara
Entry Personal Name
001 - CONTROL NUMBER
- control field: 108717
003 - CONTROL NUMBER IDENTIFIER
- control field: NUST
005 - DATE AND TIME OF LATEST TRANSACTION
- control field: 20230208095000.0
008 - FIXED-LENGTH DATA ELEMENTS
- fixed length control field: 230208|| aca||aabn | a|a d
040 ## - CATALOGING SOURCE
- Original cataloging agency: NUST
- Transcribing agency: NUST
100 ## - HEADING--PERSONAL NAME
- Personal name: Mons, Barbara
670 ## - SOURCE DATA FOUND
- Source citation: Work cat.: (NUST)187471: Mons, Barbara, High Road To Hunza /
